| 000 | 00542nam a2200181Ia 4500 | ||
|---|---|---|---|
| 008 | 240729s9999 xx 000 0 und d | ||
| 022 | _a1179-156X | ||
| 245 | 0 | _aOpen Access Rheumatology: Research and Reviews | |
| 260 | _aUnited Kingdom | ||
| 260 | _bDove Medical Press | ||
| 650 | _a Diseases of the musculoskeletal system | ||
| 650 | _a Internal medicine | ||
| 650 | _a Specialties of internal medicine | ||
| 650 | _aMedicine | ||
| 856 | _uhttps://doaj.org/toc/bad5cdb005ad49e08e3c11adf7f3a571 | ||
| 942 | _2ddc | ||
| 942 | _cDOAJEJ | ||
| 999 |
_c73618 _d73618 |
||
| 945 |
_a1 _bMadushi Gamage _c1 _dMadushi Gamage |
||